000 00285nam a22001337a 4500
008 180914b xxu||||| |||| 00| 0 eng d
020 _a0312892195
041 _aeng
080 _a371
100 _a25
101 _aEDU
245 _aA World of Ideas
_cJacobus, L.A
942 _2udc
_cBK
999 _c47759
_d47759